| 000 | 00399pab a2200145 454500 | ||
|---|---|---|---|
| 008 | 180718b1988 xxu||||| |||| 00| 0 eng d | ||
| 100 | _aScharpf, Fritz W. | ||
| 245 |
_aThe joint decision trap _bLessons from German federalism and European integration |
||
| 260 | _c1988 | ||
| 300 | _a239-78 | ||
| 362 | _aAutumn | ||
| 650 | _aFederalism - Germany | ||
| 773 | _aPublic Administration | ||
| 909 | _a8426 | ||
| 999 |
_c8426 _d8426 |
||